|
|
|
|
| LEADER |
02105nam a2200517 4500 |
| 001 |
on1114972528 |
| 003 |
OCoLC |
| 005 |
20200326101203.0 |
| 006 |
m o d |
| 007 |
cr cnu---unuuu |
| 008 |
190914s2019 mau ob 000 0 eng d |
| 040 |
|
|
|a EBLCP
|b eng
|e rda
|e pn
|c EBLCP
|d UKMGB
|d OCLCO
|d OCLCF
|d UKAHL
|d OCLCQ
|d SFB
|d OCLCQ
|d YDXIT
|d OPELS
|d GrThAP
|
| 015 |
|
|
|a GBB9E0092
|2 bnb
|
| 016 |
7 |
|
|a 019504448
|2 Uk
|
| 019 |
|
|
|a 1114335078
|
| 020 |
|
|
|a 9780128183953
|
| 020 |
|
|
|a 0128183950
|
| 020 |
|
|
|a 9780128183946
|q (hbk.)
|
| 035 |
|
|
|a (OCoLC)1114972528
|z (OCoLC)1114335078
|
| 050 |
|
4 |
|a QR482
|b .V578 2019
|
| 082 |
0 |
4 |
|a 616.91
|2 23
|
| 245 |
0 |
0 |
|a Virus entry /
|c edited by Margaret Kielian, Thomas C. Mettenleiter, Marilyn J. Roossinck.
|
| 250 |
|
|
|a First edition.
|
| 264 |
|
1 |
|a Cambridge, MA :
|b Academic Press,
|c 2019.
|
| 300 |
|
|
|a 1 online resource (358 pages)
|
| 336 |
|
|
|a text
|b txt
|2 rdacontent
|
| 337 |
|
|
|a computer
|b c
|2 rdamedia
|
| 338 |
|
|
|a online resource
|b cr
|2 rdacarrier
|
| 490 |
1 |
|
|a Advances in virus research ;
|v volume one hundred and four
|
| 504 |
|
|
|a Includes bibliographical references.
|
| 588 |
|
|
|a Description based on online resource; title from digital title page (viewed on January 28, 2020).
|
| 650 |
|
0 |
|a Viruses
|x Receptors.
|
| 650 |
|
0 |
|a Host-virus relationships.
|
| 650 |
|
0 |
|a Virus diseases.
|
| 650 |
|
0 |
|a Medical virology.
|
| 650 |
|
7 |
|a Host-virus relationships.
|2 fast
|0 (OCoLC)fst00961624
|
| 650 |
|
7 |
|a Medical virology.
|2 fast
|0 (OCoLC)fst01014785
|
| 650 |
|
7 |
|a Virus diseases.
|2 fast
|0 (OCoLC)fst01167739
|
| 650 |
|
7 |
|a Viruses
|x Receptors.
|2 fast
|0 (OCoLC)fst01167782
|
| 655 |
|
4 |
|a Electronic books.
|
| 700 |
1 |
|
|a Mettenleiter, Thomas C.,
|e editor.
|
| 700 |
1 |
|
|a Kielian, Margaret C.,
|d 1952-
|e editor.
|
| 700 |
1 |
|
|a Roossinck, Marilyn J.,
|e editor.
|
| 776 |
0 |
8 |
|i Print version:
|a Mettenleiter, Thomas.
|t Virus Entry.
|d San Diego : Elsevier Science & Technology, ©2019
|z 9780128183946
|
| 830 |
|
0 |
|a Advances in virus research ;
|v v. 104.
|
| 856 |
4 |
0 |
|3 ScienceDirect
|u https://www.sciencedirect.com/science/bookseries/00653527/104
|z Full Text via HEAL-Link
|